Casual Affair - Panic! At The Disco - All Lyrics - Statistics

General Stats
  • This quiz has been taken 16 times
  • The average score is 186 of 203
Answer Stats
Answer % Correct
a
100%
A
100%
affair
100%
any
100%
anywhere
100%
atmosphere
100%
casual
100%
could
100%
did
100%
go
100%
(I
100%
I
100%
in
100%
it,
100%
it
100%
Just
100%
on
100%
the
100%
to
100%
again
83%
again)
83%
for
83%
Hey,
83%
lay
83%
Lay
83%
left
83%
only
83%
right
83%
sinner
83%
tonight
83%
about
67%
have
67%
lover
67%
out
67%
secret,
67%
so
67%
So
67%
Stay
67%
That
67%
that
67%
time
67%
us
67%
you
67%
and
50%
as
50%
become
50%
Break
50%
find
50%
leaves
50%
long
50%
mess
50%
moment,
50%
never
50%
something
50%
spies
50%
talk
50%
ties
50%
we'll
50%
involuntary
33%
Take
33%
No matching quizzes found
Score Distribution
Percent of People with Each Score
Percentile by Number Answered
Your Score History
You have not taken this quiz